000 00478nam a2200169 4500
001 126324
003 ES-MaACL
005 20250703063110.0
007 t|
008 070214s1914 fr r ||||1| fre d
100 1 _aRenan, Ernest,
_d1823-1892
_996168
245 1 0 _aFragments intimes et romanesques /
_cErnest Renan.
260 _aParis :
_bCalmann-Lévy,
_c1914.
300 _aVIII, 354 p. ;
_c19 x 12 cm.
852 _aES-MaACL
_jF-9036
999 _c126324
_d126324